| 000 | 00656nam a2200229 i 4500 | ||
|---|---|---|---|
| 001 | 14945 | ||
| 003 | ES-MaACL | ||
| 005 | 20230906150937.0 | ||
| 007 | t| | ||
| 008 | 991122s1999 sp ||||1| spa d | ||
| 020 | _a84-8374-116-4 | ||
| 080 | _a821.134.2-4"19" | ||
| 100 | 1 |
_aFenoy, Francisco ( _d1941-) _9166476 |
|
| 245 | 1 | 0 |
_aEn el tramo de la extinción del estado / _cFrancisco Fenoy Rodríguez. |
| 250 | _a1ª ed. | ||
| 260 |
_aMadrid : _bHuerga y Fierro, _c1999. |
||
| 300 |
_a60 p. ; _c22 cm. |
||
| 490 | 1 | _aEnsayo | |
| 830 | 0 |
_aEnsayo _9177699 |
|
| 852 |
_aES-MaACL _jL-22216 _bR.127460 _q. - Ded. autógr. del autor |
||
| 999 |
_c14945 _d14945 |
||